Formula 1: Most Points Per Team - Mercedes - Statistics

General Stats
  • This quiz has been taken 59 times
  • The average score is 7 of 10
Answer Stats
Points Driver Nationality Seasons on the team % Correct
3,911.5 Lewis Hamilton United Kingdom 2013-2024
100%
1,328 Valtteri Bottas Finland 2017-2021
100%
648 George Russell United Kingdom 2022-
98%
1,537 Nico Rosberg Germany 2010-2016
98%
198 Michael Schumacher Germany 2010-2012
94%
248.14 Juan Manuel Fangio Argentina 1954-1955
88%
68 Stirling Moss United Kingdom 1955
69%
66 Karl Kling Germany 1954-1955
25%
30 Piero Taruffi Italy 1955
25%
31 Hans Herrmann Germany 1954-1955
19%
No matching quizzes found
Score Distribution
Percent of People with Each Score
Percentile by Number Answered
Your Score History
You have not taken this quiz